00606nam a2200121Ia 4500008004100000020001800041100007400059245017800133260002700311650009300338650001200431856004100443171212s9999 xx 000 0 und d a9780833049322 aCliff, Roger;Fei, John;Hagen, Jeff;Hague, Elizabeth;Heginbotham, Eric cCliff, Roger;Fei, John;Hagen, Jeff;Hague, Elizabeth;Heginbotham, EricaShaking the Heavens and Splitting the EarthbChinese Air Force Employment Concepts in the 21st Century bRAND Corporationc2011 aChina. Zhongguo ren min jie fang jun. Kong jun.; Air forces -- China; Air power -- China aHistory uwww.jstor.org/stable/10.7249/mg915af